书目信息 |
| 题名: |
学习环境的理论基础
|
|
| 作者: | 乔纳森 , Jonassen 主编 ;郑太年 , 任友群 译 | |
| 分册: | ||
| 出版信息: | 上海 华东师范大学出版社 2002 |
|
| 页数: | 12,263页 | |
| 开本: | 23cmQ328 | |
| 丛书名: | 《21世纪人类学习的革命》译丛 | |
| 单 册: | ||
| 中图分类: | G442 , G40-052.4 | |
| 科图分类: | ||
| 主题词: | 学习心理学--教育环境学--研究 , 学习心理学 , 教育环境学 | |
| 电子资源: | ||
| ISBN: | 7-5617-3043-8 | |
| 000 | 01317oam2 2200337 450 | |
| 001 | 1556784429 | |
| 005 | 20150128154642.60 | |
| 010 | @a7-5617-3043-8@dCNY25.00 | |
| 100 | @a20021223d2002 em y0chiy0110 ea | |
| 101 | 1 | @achi@ceng |
| 102 | @aCN@b310000 | |
| 105 | @ay z 001yy | |
| 200 | 1 | @a学习环境的理论基础@9axue xi huan jing de li lun ji chu@f[美]戴维·H.乔纳森(David H.Jonassen)主编@F[ Mei ] Dai Wei· H. Qiao Na Sen (David H.Jonassen) Zhu Bian@g郑太年, 任友群译 |
| 210 | @a上海@c华东师范大学出版社@d2002 | |
| 215 | @a12,263页@d23cmQ328 | |
| 225 | 2 | @a《21世纪人类学习的革命》译丛 |
| 305 | @a据Lawernce Erlbaum Associates, Inc. 2000年版译出 | |
| 330 | @a本书分九章论述了以学生为中心的学习环境;从实习场到实践共同体;理论与实践境脉中的情境认知;重温活动理论:作为设计以学生为中心的学习环境的框架等。 | |
| 461 | 0 | @12001 @a《21世纪人类学习的革命》译丛 |
| 510 | 1 | @aTheoretical Foundations of Learning Environments@zeng |
| 606 | 0 | @a学习心理学@x教育环境学@x研究 |
| 606 | 0 | @a学习心理学 |
| 606 | 0 | @a教育环境学 |
| 690 | @aG442@v5 | |
| 690 | @aG40-052.4@v5 | |
| 701 | 1 | @a乔纳森@9aqiao na sen@bD.H.@4主编 |
| 701 | 1 | @aJonassen@bDavid H.@4主编 |
| 702 | 0 | @a郑太年@9azheng tai nian@4译 |
| 702 | 0 | @a任友群@9aren you qun@4译 |
| 801 | 0 | @aCN@bTSSF@c20150128 |
| 905 | @aZUCC@dG442@eJY27 | |
| 学习环境的理论基础/[美]戴维·H.乔纳森(David H.Jonassen)主编/郑太年, 任友群译.-上海:华东师范大学出版社,2002 |
| 12,263页;23cmQ328.-(《21世纪人类学习的革命》译丛) |
| ISBN 7-5617-3043-8:CNY25.00 |
| 本书分九章论述了以学生为中心的学习环境;从实习场到实践共同体;理论与实践境脉中的情境认知;重温活动理论:作为设计以学生为中心的学习环境的框架等。 |
| ● |
| 相关链接 |
|
|
|
|
正题名:学习环境的理论基础
索取号:G442/JY27
 
预约/预借
| 序号 | 登录号 | 条形码 | 馆藏地/架位号 | 状态 | 备注 |
| 1 | 7844640 | 278446406 | 学院路分馆/ [索取号:G442/JY27] | 在馆 |